000
00315nam a22001337a 4500
008
170418b xxu||||| |||| 00| 0 eng d
020
_a
9780023043000
041
_a
eng
080
_a
579
100
_a
11
101
_a
SHM
245
_a
MICROBIOLOGY FUNDAMENTALS AND APPLICATIONS
_c
ATLAS.R.M
942
_2
udc
_c
BK
999
_c
10943
_d
10943